000 01184nam a2200229Ia 4500
003 Ost
005 20260507075329.0
008 260507s9999||||xx |||||||||||||| ||und||
020 _a9789957067663
040 _cfsecg
041 _aara
082 _a330
100 _aالسكارنة، بلال خلف
_eمؤلف
245 0 _aاتجاهات حديثة في التدريب /
_c بلال خلف السكارنة
260 _aعمان:
_bدار المسيرة,
_c2011
300 _a360 صفحة؛
_bإيضاحات ؛
520 _aمفهوم و أهمية التدريب و فلسفة العملية التدريبية ، تحليل و تحديد الاحتياجات التدريبية ، تصميم البرامج التدريبية و الطرق و الأساليب التدريبية ، الوسائل و المساعدات التدريبية و تقويم البرامج التدريبية ، الحقائب التدريبية ، ادارة العمليات و الأنشطة التدريبية و تكوين المدرب الناجح
653 _aإدارة الأفراد
653 _aالتدريب
653 _aالتدريب الإداري
942 _cكتاب
999 _c43990
_d43990